Statistiques concernant Culture générale #17

Cliquez ici pour prendre le quiz!

Statistiques générales

  • Ce quiz a été pris 453 fois
  • Le résultat moyen est 10 sur 18

Statistiques - réponses

QuestionRéponse% Correct
Quel objet cubique est le symbole du hasard ?
98%
Dans une entreprise, que signifie le sigle P.-D.G. ?Président-directeur général
75%
Quel est le nom scientifique de l'espèce humaine actuelle ?Homo sapiens
70%
Quel genre de musique a des courants appelés thrash, death, black ou doom ?Metal
70%
Dans quel pays se trouve les villes de Paris, Orange, Marseilles et Versailles ?États-Unis
68%
Quel était le pays le plus peuplé au monde en 1800 ?Chine
65%
Selon l'expression, qu'est-ce que l'on construit en Espagne ?Des châteaux
65%
Quel est le sport le plus populaire en Inde ?Cricket
63%
Quel objet céleste est tellement compact que son champ de gravitation empêche la lumière de s'échapper ?Trou noir
58%
Quel type de bateau à haute coque et à faible partie immergée fut utilisé par les explorateurs à partir du quinzième siècle ?Caravelle
49%
Quelle île indonésienne est avec 136 millions d'habitants la plus peuplée au monde ?Java
47%
Quelle émission de télévision réalisée par Bernard Faroux et diffusée depuis 2000 raconte à chaque épisode une grande affaire criminelle française ?Faites entrer l'accusé
42%
Quel mouvement artistique du début du vingtième siècle doit son nom à Guillaume Apollinaire qui désignait ainsi une expérience artistique qui transcende le réel ?Surréalisme
41%
Quel alcool est obtenu principalement avec des baies de genévrier ?Gin
38%
Quel symbole utilisé par les ducs d'Anjou fut repris par Charles de Gaulle comme emblème de la résistance aux nazis ?Croix de Lorraine
35%
Quel philosophe a déclaré dans Le gai savoir que « Dieu est mort » ?Friedrich Nietzsche
28%
Quel film de Stanley Kubrick de 1964, dont l'histoire se déroule durant la guerre froide, montre un général américain fou qui envoie des bombardiers frapper l'URSS ?Dr. Strangelove or: How I Learned to Stop Worrying and Love the Bomb
22%
Qui est le chef d'état de la Jamaïque ?Élisabeth II
18%

Distribution des résultats

Percentile par nombre de réponses

% des personnes avec chaque résultat

Votre développement - résultats

Vous n’avez pas pris ce quiz